Economics of Agricultural Development : (Record no. 7594)

MARC details
000 -LEADER
fixed length control field 00654nam a22002057a 4500
003 - CONTROL NUMBER IDENTIFIER
control field OSt
005 - DATE AND TIME OF LATEST TRANSACTION
control field 20220112131507.0
008 - FIXED-LENGTH DATA ELEMENTS--GENERAL INFORMATION
fixed length control field 220112b ||||| |||| 00| 0 eng d
020 ## - INTERNATIONAL STANDARD BOOK NUMBER
International Standard Book Number 9780415494243
040 ## - CATALOGING SOURCE
Transcribing agency DDC
082 ## - DEWEY DECIMAL CLASSIFICATION NUMBER
Classification number 338.1 NOR 2010
100 ## - MAIN ENTRY--PERSONAL NAME
Personal name Norton, George W.
9 (RLIN) 15522
245 ## - TITLE STATEMENT
Title Economics of Agricultural Development :
Remainder of title World food Systems and Resource use
250 ## - EDITION STATEMENT
Edition statement Second edition
260 ## - PUBLICATION, DISTRIBUTION, ETC. (IMPRINT)
Place of publication, distribution, etc. New York,:
Name of publisher, distributor, etc. Routledge;
Date of publication, distribution, etc. 2010,
300 ## - PHYSICAL DESCRIPTION
Extent ix, 465 pages :
Other physical details illustrations, maps ;
Dimensions 24 cm
504 ## - BIBLIOGRAPHY, ETC. NOTE
Bibliography, etc Includes bibliographical references and index.
650 ## - SUBJECT ADDED ENTRY--TOPICAL TERM
Topical term or geographic name as entry element Agriculture -- Economic aspects.
9 (RLIN) 15523
942 ## - ADDED ENTRY ELEMENTS (KOHA)
Source of classification or shelving scheme Dewey Decimal Classification
Koha item type Book
Holdings
Withdrawn status Lost status Source of classification or shelving scheme Damaged status Not for loan Home library Current library Date acquired Source of acquisition Inventory number Total Checkouts Full call number Barcode Date last seen Price effective from Koha item type
    Dewey Decimal Classification     MUST Main Library MUST Main Library 12/01/2022 Purchase 15/39483   338.1 NOR 2010 2022-0015 12/01/2022 12/01/2022 Book